Martina Frantová osobnosťou júna

Podrobná bibliografia
Hlavný autor: Jacoš, Ján, 1963- (Autor)
Médium: Článok
Jazyk:slovenčina
Fyzický popis:Fotogr.
ISSN:1336-4030
Predmet:
On-line prístup:www.vecernik.po.sk

MARC

LEADER 00000nab a2200000 a 4500
001 vtls008846908
003 SK-MaSNL
005 20260303062143.0
008 060918c20060719xo dr n 000 00slo
038 |a SVKPOCL 
040 |a SVKPOCL  |b slo  |c AACR2  |e AACR2 
041 |a slo 
044 |a xo  |c SK 
080 |a 796.071  |2 2001 
080 |a 796.966.071  |2 2001 
100 1 |a Jacoš, Ján,  |d 1963-  |4 aut  |9 11515 
245 1 0 |a Martina Frantová osobnosťou júna  |c [autor] (jac) 
300 |a Fotogr. 
600 1 7 |a Frantová, Martina  |2 svkpocl  |9 673249 
650 0 7 |a športovec mesiaca  |y jún 2006  |2 svkpocl  |9 1057453 
651 7 |a Prešov (Slovensko)  |2 svkpocl  |9 17347 
773 0 |t Prešovský večerník  |g Roč. XVII, č. 4000 (19.7.2006), s. 14  |x 1336-4030 
852 |a SVKPO  |b KIS3GCP 
856 4 1 |u www.vecernik.po.sk 
958 |a RG 
999 |c 1738155  |d 1740085